GREAT EXPECTATIONS (Record no. 216480)

MARC details
000 -LEADER
fixed length control field 00340nam a22001337a 4500
008 - FIXED-LENGTH DATA ELEMENTS--GENERAL INFORMATION
fixed length control field 260119b |||||||| |||| 00| 0 eng d
020 ## - INTERNATIONAL STANDARD BOOK NUMBER
International Standard Book Number 978-1-85326-004-9
100 ## - MAIN ENTRY--PERSONAL NAME
Personal name DICKENS, CHARLES
245 ## - TITLE STATEMENT
Title GREAT EXPECTATIONS
260 ## - PUBLICATION, DISTRIBUTION, ETC.
Place of publication, distribution, etc. WARE
Name of publisher, distributor, etc. WORDSWORTH CLASSICS
Date of publication, distribution, etc. 1992
300 ## - PHYSICAL DESCRIPTION
Extent XVII,423P.
942 ## - ADDED ENTRY ELEMENTS (KOHA)
Source of classification or shelving scheme Library of Congress Classification
Koha item type Long Loan Book
Holdings
Withdrawn status Lost status Source of classification or shelving scheme Damaged status Not for loan Collection Home library Current library Shelving location Date acquired Inventory number Total checkouts Full call number Barcode Date last seen Date last checked out Copy number Price effective from Koha item type
    Library of Congress Classification     Fiction & Motivational Kisii University Library Kisii University Library Fiction 01/19/2026 110941 1 PR 4560.A1 .D53 1992 000000018390 04/10/2026 03/30/2026 C.1 01/19/2026 Long Loan Book
    Library of Congress Classification     Fiction & Motivational Kisii University Library Kisii University Library Fiction 01/19/2026 110942   PR 4560.A1 .D53 1992 000000018391 01/19/2026   C.2 01/19/2026 Long Loan Book
    Library of Congress Classification     Fiction & Motivational Kisii University Library Kisii University Library Fiction 01/19/2026 110943 1 PR 4560.A1 .D53 1992 000000018392 02/24/2026 02/12/2026 C.3 01/19/2026 Long Loan Book
    Library of Congress Classification     Fiction & Motivational Kisii University Library Kisii University Library Fiction 01/19/2026 110944 1 PR 4560.A1 .D53 1992 000000023778 03/05/2026 02/24/2026 C.4 01/19/2026 Long Loan Book